00406nam a22001457a 4500022001800000082001500018100004000033245006400073250000900137260004800146300000800194490001300202650002200215700002300237 a9789559244448 a547.12 SOT aSotheeswaran,SaDe Silva,H.Ireshika aConformational Analysis and Reactivity of Organic Molecules aCCS  aColombobCollege of chemical sciencesc2015 a60p aCCS No:3 aorganic molecules aParanagama,Priyani